History of political philosophy

Na minha lista:
Detalhes bibliográficos
Autor principal: Strauss, Leo (editor)
Formato: Livro
Idioma:English
Publicado em: Chicago, Estados Unidos Rand McNally College Publishing Company 1972
Edição:Segunda edición
Assuntos:
Tags: Adicionar Tag
Sem tags, seja o primeiro a adicionar uma tag!

MARC

LEADER 00000nam a2200000Ia 4500
008 170316s9999 xx 000 0 eng d
040 |a cru BVZT 
090 |a H-100 S-1h 
100 |a Strauss, Leo (editor) 
245 |a History of political philosophy  |c Leo Strauss, editor 
250 |a Segunda edición 
260 |a Chicago, Estados Unidos 
260 |b Rand McNally College Publishing Company 
260 |c 1972 
300 |a 849 páginas 
650 |a FILOSOFÍA  |9 5 
650 |a HISTORIA  |9 90 
650 0 |a EN IDIOMA INGLÉS  |9 129 
999 |c 28941  |d 28941 
942 |c LIB  |h H-100 S-1h  |2 z